000 00226nam a22000857a 4500
008 221128b |||||||| |||| 00| 0 eng d
100 _aKibuishi
_97654
245 _aAmulet (Escape from Lucien))-6
260 _aIndia
_bScholastic
_c2022
999 _c12155
_d12155